| 000 | 00814nam a2200277Ia 4500 | ||
|---|---|---|---|
| 001 | Z_674 | ||
| 003 | CHAP | ||
| 008 | 220113s1978 xx 000 0 und d | ||
| 010 | _a163767 | ||
| 040 | _cCHAP | ||
| 090 | _aTesis T 124 | ||
| 100 |
_aTovar González, Pablo _9114397 |
||
| 245 |
_aEfecto de diferentes niveles de Malation en dietas para pollos / _cPablo Tovar González |
||
| 260 |
_aChapingo, Méx. : _bEl autor, _c1978 |
||
| 300 | _a28 h. | ||
| 502 | _aTesis (Ing. Agrónomo Esp. en Zootecnia) -- ENA. Departamento de Zootecnia | ||
| 650 |
_aAves de corral _xAlimentación _98638 |
||
| 650 |
_aInsecticidas _xEfecto en vertebrados _958873 |
||
| 650 |
_aInsecticidas _xToxicidad _958882 |
||
| 901 | _aTESIS T 124 | ||
| 902 | _aM | ||
| 910 | _a1978 | ||
| 942 | _c2 | ||
| 942 | _c2 | ||
| 999 |
_c163767 _d163767 |
||